Os 15 principais países com mortes por Covid19 - 3 de junho - Statistics

Estatísticas Gerais
  • Esse quiz foi jogado 6 vezes
  • A pontuação média é 9 de 20
Estatísticas das Respostas
país % Correto
Estados Unidos
100%
Brasil
83%
Espanha
83%
França
67%
Itália
67%
México
67%
Portugal
67%
Reino Unido
67%
Rússia
67%
Alemanha
50%
Índia
50%
Bélgica
33%
Canadá
33%
Irão
33%
Países Baixos
33%
Irlanda
17%
Equador
0%
Peru
0%
Suécia
0%
Suíça
0%
Nenhum quiz correspondente encontrado
Distribuição das Pontuações
Porcentagem de Pessoas com Cada Pontuação
Percentil de Números Respondidos
Sua Pontuação Histórica
Você não jogou esse quiz